000 01182ny a22002653n 4500
005 20240305165342.0
008 970408s1985 sp s 000 0 spa c
020 _a8471304910
035 _a484
040 _aUMA.CEE
_dvLex
040 _aUMA.RE
_dvLex
090 _c2136
_d2136
245 0 0 _aComentarios al Código Civil y compilaciones forales
_h[Recurso electrónico]
_cdirigidos por Manuel Albaladejo
256 _aServicio en línea
260 _aMadrid :
_bEDERSA,
_cD.L. 1985
300 _ap. ;
_c21 cm
505 0 _tTomo IV, Artículos 181 a 332 del Código civil (2ª edición)/
_rcomentados por Manuel Albaladejo García... [et al.]
506 1 _aContenido solo disponible en los productos indicados
_dvLex Global
_dvLex Global (Academic Edition, excluding Law Schools)
_dvLex Global (U.S. Academic Edition, Law Schools)
_dvLex Global (U.S. Academic Edition, excluding Law Schools)
_dvLex Global (Academic Edition, Law Schools)
650 _aCivil
_2Tesauro vLex
650 _aCódigo civil
_2Tesauro vLex
700 1 _aAlbaladejo García, Manuel,
_edir
740 0 _avLex Libros (Servicios en línea)
856 4 0 _uhttps://app.vlex.com/#/sources/484
942 _cRAA
999 _c160569
_d160569